Eastern Utah Libraries Catalog: Duchesne, Heber, Roosevelt, & Vernal

Thank you for the little things / (Record no. 378834)

MARC details
000 -LEADER
fixed length control field 02827cam a22006738i 4500
001 - CONTROL NUMBER
control field on1261877320
003 - CONTROL NUMBER IDENTIFIER
control field OCoLC
005 - DATE AND TIME OF LATEST TRANSACTION
control field 20221115145410.0
008 - FIXED-LENGTH DATA ELEMENTS--GENERAL INFORMATION
fixed length control field 220224t20222022enka b 000 1 eng
010 ## - LIBRARY OF CONGRESS CONTROL NUMBER
LC control number 2022003005
015 ## - NATIONAL BIBLIOGRAPHY NUMBER
National bibliography number GBC202733
Source bnb
016 7# - NATIONAL BIBLIOGRAPHIC AGENCY CONTROL NUMBER
Record control number 020443840
Source Uk
020 ## - INTERNATIONAL STANDARD BOOK NUMBER
International Standard Book Number 9781547610297
Qualifying information (hardcover)
020 ## - INTERNATIONAL STANDARD BOOK NUMBER
International Standard Book Number 1547610298
Qualifying information (hardcover)
020 ## - INTERNATIONAL STANDARD BOOK NUMBER
International Standard Book Number 9781526638908
Qualifying information (paperback)
020 ## - INTERNATIONAL STANDARD BOOK NUMBER
International Standard Book Number 1526638908
Qualifying information (paperback)
020 ## - INTERNATIONAL STANDARD BOOK NUMBER
Cancelled/invalid ISBN 9781547610303
Qualifying information (epub)
020 ## - INTERNATIONAL STANDARD BOOK NUMBER
Cancelled/invalid ISBN 9781547610310
Qualifying information (pdf)
020 ## - INTERNATIONAL STANDARD BOOK NUMBER
International Standard Book Number 9781526638892
Qualifying information hardback
020 ## - INTERNATIONAL STANDARD BOOK NUMBER
International Standard Book Number 1526638894
Qualifying information hardback
020 ## - INTERNATIONAL STANDARD BOOK NUMBER
Cancelled/invalid ISBN 9781526638885
Qualifying information ebook
035 ## - SYSTEM CONTROL NUMBER
System control number (OCoLC)1261877320
Canceled/invalid control number (OCoLC)1261879025
040 ## - CATALOGING SOURCE
Original cataloging agency DLC
Language of cataloging eng
Description conventions rda
Transcribing agency DLC
Modifying agency BDX
-- UKMGB
-- SINLB
-- YDX
-- OCLCO
-- OCLCF
-- NZWHC
-- JCX
-- VP@
-- ILC
-- TOH
042 ## - AUTHENTICATION CODE
Authentication code pcc
050 00 - LIBRARY OF CONGRESS CALL NUMBER
Classification number PZ8.3.H251
Item number Th 2022
082 00 - DEWEY DECIMAL CLASSIFICATION NUMBER
Classification number [E]
Edition number 23
092 ## - LOCALLY ASSIGNED DEWEY CALL NUMBER (OCLC)
Classification number children nonfiction
Item number Hart
100 1# - MAIN ENTRY--PERSONAL NAME
Personal name Hart, Caryl,
Relator term author.
9 (RLIN) 5956869
245 10 - TITLE STATEMENT
Title Thank you for the little things /
Statement of responsibility, etc Caryl Hart ; illustrated by Emily Hamilton.
264 #1 - Production, Publication, Distribution, Manufacture, and Copyright Notice.
Place of production, publication, distribution, manufacture London ;
-- New York :
Name of producer, publisher, distributor, manufacturer Bloomsbury Children's Books,
Date of production, publication, distribution, manufacture, or copyr 2022
264 #4 - Production, Publication, Distribution, Manufacture, and Copyright Notice.
Date of production, publication, distribution, manufacture, or copyr ©2022
300 ## - PHYSICAL DESCRIPTION
Extent 24 unnumbered pages :
Other physical details color illustrations ;
Dimensions 28 cm
336 ## - Content Type
Content type term text
336 ## - Content Type
Content type term still image
337 ## - Media type
Media type term unmediated
338 ## - Carrier type
Carrier type term volume
500 ## - GENERAL NOTE
General note "First published in Great Britain in March 2022 by Bloosbury Publishing Plc. Published in the United States of America in October 2022 by Bloomsbury Children's Books."
520 ## - SUMMARY, ETC.
Summary, etc "A child tries to keep a positive attitude by being mindful and practicting gratitude."--Provided by publisher.
521 ## - TARGET AUDIENCE NOTE
Target audience note Ages 4-8.
Source Bloomsbury Children's Books.
521 ## - TARGET AUDIENCE NOTE
Target audience note Grades K-1.
Source Bloomsbury Children's Books.
650 #0 - SUBJECT ADDED ENTRY--TOPICAL TERM
Topical term or geographic name as entry element Emotions in children
Form subdivision Juvenile fiction.
9 (RLIN) 5702427
650 #0 - SUBJECT ADDED ENTRY--TOPICAL TERM
Topical term or geographic name as entry element Gratitude
Form subdivision Juvenile fiction.
9 (RLIN) 5693320
650 #1 - SUBJECT ADDED ENTRY--TOPICAL TERM
Topical term or geographic name as entry element Stories in rhyme.
650 #1 - SUBJECT ADDED ENTRY--TOPICAL TERM
Topical term or geographic name as entry element Gratitude
Form subdivision Fiction.
9 (RLIN) 5694019
650 #7 - SUBJECT ADDED ENTRY--TOPICAL TERM
Topical term or geographic name as entry element JUVENILE FICTION / Social Themes / Emotions & Feelings.
Source of heading or term bisacsh
9 (RLIN) 5728124
650 #7 - SUBJECT ADDED ENTRY--TOPICAL TERM
Topical term or geographic name as entry element JUVENILE FICTION / Social Themes / Values & Virtues.
Source of heading or term bisacsh
9 (RLIN) 5719054
650 #7 - SUBJECT ADDED ENTRY--TOPICAL TERM
Topical term or geographic name as entry element Children's stories.
Source of heading or term fast
650 #7 - SUBJECT ADDED ENTRY--TOPICAL TERM
Topical term or geographic name as entry element Emotions in children.
Source of heading or term fast
9 (RLIN) 83265
655 #7 - INDEX TERM--GENRE/FORM
Genre/form data or focus term Fiction.
Source of term fast
9 (RLIN) 5673940
655 #7 - INDEX TERM--GENRE/FORM
Genre/form data or focus term Juvenile works.
Source of term fast
9 (RLIN) 5673941
655 #7 - INDEX TERM--GENRE/FORM
Genre/form data or focus term Picture books.
Source of term fast
655 #7 - INDEX TERM--GENRE/FORM
Genre/form data or focus term Stories in rhyme.
Source of term fast
655 #7 - INDEX TERM--GENRE/FORM
Genre/form data or focus term Children's stories
Form subdivision Pictorial works.
Source of term gsafd
9 (RLIN) 5677077
655 #7 - INDEX TERM--GENRE/FORM
Genre/form data or focus term Stories in rhyme.
Source of term lcgft
655 #7 - INDEX TERM--GENRE/FORM
Genre/form data or focus term Picture books.
Source of term lcgft
700 1# - ADDED ENTRY--PERSONAL NAME
Personal name Hamilton, Emily,
Relator term illustrator.
9 (RLIN) 6458278
776 08 - ADDITIONAL PHYSICAL FORM ENTRY
Display text Online version:
Main entry heading Hart, Caryl.
Title Thank you for the little things.
Place, publisher, and date of publication London ; New York : Bloomsbury Children's Books, 2022
International Standard Book Number 9781547610303
Record control number (DLC) 2022003006
942 ## - ADDED ENTRY ELEMENTS (KOHA)
Source of classification or shelving scheme Dewey Decimal Classification
Koha item type BOOK
Holdings
Withdrawn status Lost status Source of classification or shelving scheme Damaged status Not for loan Collection code Home library Current library Shelving location Date acquired Source of acquisition Total Checkouts Total Renewals Full call number Barcode Checked out Date last seen Date checked out Cost, replacement price Price effective from Koha item type
  Long Overdue (Lost) Dewey Decimal Classification     Children NonFiction Wasatch County Library Wasatch County Library Main Floor Childrens Area 11/15/2022 KidsReference 2 3 E Feelings Hart 34301001869439 11/13/2023 09/13/2023 09/13/2023 18.99 11/15/2022 BOOK
This project was made possible through a grant from the Institute of Museum and Library Service administered by the Utah State Library Division.

Wasatch County Library

  • 465 East 1200 South, Heber City, Utah 84032
  • Phone 435-654-1511 | Fax 435-654-6456

Hours

  • Monday - Friday 9:30 AM - 8:00 PM
  • Saturday 9:30 AM - 1:30 PM
  • Closed Sundays and Holidays